000 00492nam a22001937a 4500
003 MPLRDC
005 20220104114709.0
008 210129b ||||| |||| 00| 0 eng d
020 _a7-307-01628-1
082 _a782.08 ZGMR v.1
100 _a吴淑君
245 _a一代大帝秦始皇
_c
250 _a一版一刷
260 _a
_b武汉大学出版社
_c1994
300 _b
490 _a中国名人轶事丛书. 1
650 _a中国传记丛书
942 _cBK
_o782.08 ZGMR v.1
999 _c9517
_d9507